Liedtext - Mief! - Die Doofen - Statistiken

Allgemein
  • Dieses Quiz wurde 277 mal gespielt
  • Das Durchschnittsergebnis liegt bei 110 aus 153
Antwortstatistiken
Textquiz % Korrekt
ich
98%
Mief
97%
de
96%
auch
94%
mich
94%
wenn
94%
stinke
93%
den
92%
und
92%
die
90%
Nimm
90%
sag
90%
denn
89%
Denn
89%
jetzt
89%
winke
89%
der
87%
an
86%
Goodbye
83%
sonst
83%
für
82%
schon
81%
ist
79%
nächste
79%
frei
78%
Schlampe
78%
Lampe
76%
da
75%
dort
74%
nicht
74%
ein
73%
doch
71%
drüben
71%
wie
69%
aus
68%
miefe
68%
über
67%
gar
65%
nichts
65%
Charakter
61%
Sagt
61%
mir
60%
Aal
57%
egal
57%
sind
57%
keine
56%
Nase
56%
ganz
55%
Einer
53%
Gase
53%
gelegentliche
49%
bitte
47%
frisch
46%
Briefe
45%
verliebten
44%
Schreib
43%
Hab
41%
im
40%
Ohrenschmalz
34%
heute
32%
Toilette
31%
Käsefuß
30%
Mundgeruch
30%
Eau
29%
Achselschweiß
28%
Nageldreck
28%
grad
27%
Zahnpasta
25%
Fettfrisur
21%
Kragenspeck
21%
Überfluss
20%
Haarshampoo
19%
Nagelset
18%
Badegel
12%
Seifenschaum
11%
Keine übereinstimmenden Quizze gefunden
Verteilung der Resultate
Anzahl Personen mit jedem Resultat
Perzentil nach korrekt beantworteten Fragen
Ihre Resultats-Entwicklung
Sie haben dieses Quiz noch nicht gespielt